| 000 | 01215nac a22002891u 4500 | ||
|---|---|---|---|
| 010 | _a 2002116252 | ||
| 020 | _a1558609156 | ||
| 035 | _a(DLC)13006936 | ||
| 082 | 0 | 0 |
_a006.6 _bCRA |
| 090 |
_c2557 _d2557 |
||
| 100 | _a20080729 | ||
| 245 | 1 | 4 |
_aThe craft of information visualization : readings and reflections / _breadings and reflections / _cEdited by Benjamin B Bederson, Ben Shneiderman. |
| 260 |
_aAmsterdam ; _aBoston : _bMorgan Kaufmann,2003 _cc2003. |
||
| 300 |
_axix, 410 p. : _bill. ; _c28 cm. |
||
| 440 | _aThe Morgan Kaufmann Series in Interactive Technologies | ||
| 500 | _aOne copy distributed by Bacca | ||
| 504 | _aIncludes bibliographical references and index. | ||
| 511 | _aCatalogued by: Sara | ||
| 650 | 0 | _aInformation visualization. | |
| 650 | 0 | _aHuman-computer interaction. | |
| 700 | 1 |
_aShneiderman, Ben, _d1947- |
|
| 700 | 1 | _aBederson, Benjamin B | |
| 856 | 4 | 1 |
_3Table of contents _uhttp://www.loc.gov/catdir/toc/els051/2002116252.html |
| 856 | 4 | 1 |
_3Publisher description _uhttp://www.loc.gov/catdir/description/els051/2002116252.html |
| 942 |
_cBB _k006.6CRA |
||
| 999 |
_c2557 _d2557 |
||